Multi-Flag places. - Statistics

General Stats
  • This quiz has been taken 30 times
  • The average score is 9 of 12
Answer Stats
Picture Answer % Correct
Kosovo, Serbia
95%
Australia, Indigenous Aboriginal
79%
Denmark, Faroe Islands, Greenland
79%
Israel, Palestine
79%
North Korea, South Korea
79%
Somalia, Somaliland
74%
Spain, Catalonia
74%
Azerbaijan, Nagorno-Karabakh
68%
China, Hong Kong, Macau, Taiwan, Tibet
68%
Cyprus, Turkish Cyprus, United Kingdom
68%
Bolivia, Whiphala
63%
Morocco, Western Sahara
63%
No matching quizzes found
Score Distribution
Percent of People with Each Score
Percentile by Number Answered
Your Score History
You have not taken this quiz